| 000 | 00867nam a2200217 i 4500 | ||
|---|---|---|---|
| 001 | 130593 | ||
| 003 | ES-MaACL | ||
| 005 | 20230906193801.0 | ||
| 007 | t| | ||
| 008 | 070801s1946 sp ||||1| spa d | ||
| 100 | 1 |
_aZariquiey Alvarez, Ricardo. _9118077 |
|
| 245 | 1 | 0 |
_aCrustáceos decápodos mediterráneos _b: manual de clasificación de las especies que pueden capturarse en las costas mediterráneas españolas / _cRicardo Zariquiey Alvarez. |
| 260 |
_aBarcelona : _b[s.n.], _c1946 ( _fTall. Gráfs. Rubiralta) |
||
| 300 |
_a181 p. : _bil. ; _c24 cm. |
||
| 490 | 1 |
_aPublicaciones sobre biología mediterránea ; _vII |
|
| 650 | 1 | 4 |
_aCrustáceos. _911462 |
| 710 | 2 |
_aInstituto de Estudios Mediterraneos (Barcelona) _9151482 |
|
| 830 | 0 |
_aPublicaciones sobre biología mediterránea ; _vII _9186830 |
|
| 852 |
_aES-MaACL _jE-3339 |
||
| 999 |
_c130593 _d130593 |
||